|
|
แสดงรายละเอียดบรรณานุกรม |
|
|
Brief Record
: Get Marc (ISO 2709)
: E-mail record
: |
|
|
| LEADER 00000nam 2200000uu 4500 | |||
| 001 208562 | |||
| 003 ULIBM | |||
| 008 121108s2554||||th 000 0 tha d | |||
| 020 ^a9786162231391 | |||
| 040 ^abcnkk | |||
| 060 4 ^aWH250^bพ871ก 2554 | |||
| 100 0 ^aพูลสุข ศิริพูล | |||
| 245 10 ^aการจัดการอาการ : การพยาบาลผู้ป่วยเด็กโรคมะเร็งเม็ดเลือดขาว=^bSymptom management : nursing care for pediatric patients with leukemia /^cพูลสุข ศิริพูล | |||
| 246 31 ^aSymptom management : nursing care for pediatric patientswith leukemia | |||
| 246 0 ^aตำราการพยาบาลเด็ก | |||
| 250 ^aพิมพ์ครั้งที่ 1 | |||
| 260 ^aขอนแก่น :^bคณะพยาบาลศาสตร์ มหาวิทยาลัยขอนแก่น,^c2554 | |||
| 300 ก-ฉ, 268, [1] หน้า :^bภาพประกอบ | |||
| 490 0 ^aทุนสนับสนุนการผลิตตำรา มหาวิทยาลัยขอนแก่น พ.ศ.2550 ;^vลำดับที่ 45" | |||
| 650 4 ^aตำราการพยาบาลเด็ก | |||
| 650 4 ^aมะเร็งเม็ดเลือดขาวในเด็ก | |||
| 650 4 ^aมะเร็งเม็ดเลือดขาวในเด็ก^xการพยาบาล | |||
| 650 4 ^aมะเร็งเม็ดเลือดขาวในเด็ก^xการดูแล | |||
| 650 4 ^aการพยาบาลกุมารเวชศาสตร์ | |||
| 710 2 ^aมหาวิทยาลัยขอนแก่น.^bคณะพยาบาลศาสตร์ | |||
| 999 ^aใช้งานได้ทุกระบบ | |||
| คุณยังไม่ได้ล็อกอิน คุณสามารถมีกิจกรรมร่วมกับเว็บไซต์ได้ แต่ต้องล็อกอินก่อน :: |
|
| สถานะ | |||||||||
| 1. | หนังสือสำรอง | WH250 พ871ก 2554 | On Shelf ขอยืม | ||||||
| Note:ปีงบประมาณ 2555 | |||||||||
| 2. | การพยาบาล (ตำราหลัก) สถานะ=หนังสือเก่า - บริการ ณ ห้องสมุด (ห้องเหลือง) | WH250 พ871ก 2554 ฉ.2 | On Shelf ขอยืม | ||||||
| Note:ปีงบประมาณ 2555 | |||||||||
| 3. | การพยาบาล (ตำราหลัก) สถานะ=หนังสือเก่า - บริการ ณ ห้องสมุด (ห้องเหลือง) | WH250 พ871ก 2554 ฉ.7 | On Shelf ขอยืม | ||||||
| Note:ปีงบประมาณ 2555 | |||||||||
| 4. | การพยาบาล (ตำราหลัก) สถานะ=หนังสือเก่า - บริการ ณ ห้องสมุด (ห้องเหลือง) | WH250 พ871ก 2554 ฉ.8 | On Shelf ขอยืม | ||||||
| Note:ปีงบประมาณ 2555 | |||||||||
| 5. | การพยาบาล (ตำราหลัก) สถานะ=หนังสือเก่า - บริการ ณ ห้องสมุด (ห้องเหลือง) | WH250 พ871ก 2554 ฉ.10 | On Shelf ขอยืม | ||||||
| Note:ปีงบประมาณ 2555 | |||||||||
| [แสดง 5/5 รายการ] | |||||||||
BibComment |
| คอมเมนท์ทรัพยากรรายการนี้ |
|
|